Le moyen age
Saved in:
| Main Author: | |
|---|---|
| Format: | Book |
| Language: | French |
| Published: |
París
Arthaud
1970
|
| Series: | Litterature Francaise
|
| Subjects: | |
| Tags: |
Add Tag
No Tags, Be the first to tag this record!
|
MARC
| LEADER | 00000nam a2200000 a 4500 | ||
|---|---|---|---|
| 001 | UCZ3625 | ||
| 003 | CL-VaPUC | ||
| 008 | 951027e19700000FR |||||||||||||||||fre|d | ||
| 082 | 0 | 4 | |a 840.9 |b PAY |2 21 |
| 100 | |a Payen, Jean Charles |e auteur |9 347419 | ||
| 245 | 1 | 3 | |a Le moyen age |
| 300 | |a v | ||
| 942 | |c BK | ||
| 945 | |d 19951027 00:00:00 |a rleighto | ||
| 260 | |a París |b Arthaud |c 1970 | ||
| 500 | |a v.1: Des Origines à 1300 | ||
| 650 | 0 | |a Edad media |9 258041 | |
| 650 | 0 | |a Literatura medieval |9 266338 | |
| 650 | 0 | |a Historia y crítica |9 257407 | |
| 650 | 0 | |a Crítica literaria |9 269189 | |
| 583 | |a last modification |c 19951027 00:00:00 |k Rodrigo Vera | ||
| 490 | 0 | |a Litterature Francaise | |
| 999 | |c 240080 |d 240078 | ||
| 952 | |0 0 |1 0 |4 0 |6 840_900000000000000_PAY_1970 |7 0 |8 A |9 251681 |a BIBEDU |b BIBEDU |d 2019-11-18 |h v.1 |i 3117251 |o 840.9 PAY 1970 |p 3117251 |r 2019-11-18 |w 2019-11-18 |y BK |k LIT | ||